| 000 | 01074cab a22001935a 4500 | ||
|---|---|---|---|
| 001 | L153195 | ||
| 008 | 110622e2011 xxk 000 0 eng d | ||
| 035 | _a(Sirsi) u153195 | ||
| 041 | 0 | _aeng | |
| 100 | 1 | _aHopkinson, Matthew | |
| 245 | 0 | 0 | _aIndependents stand strong in beleaguered shopping sector |
| 260 | _c2011 | ||
| 490 | 0 |
_aProperty Week _v77(24) 17 June 2011, 36(1) |
|
| 520 | _aIndependents seem to have weathered the recession in the retail market better than the multiples, many of which have left the high street for shopping centres or retail parks, downsized or failed. Independents have reinvented themselves more effectively than multiples and independents' closure rates have significantly reduced in the last two years with 2011 starting well for them. More than 65% of the half million retail premises tracked by the Local Data Company are independents which take up 35% of the total floorspace in smaller units. | ||
| 590 | _aKA | ||
| 651 | 4 |
_aUnited Kingdom _y |
|
| 690 | _aPROPERTY-COMMERCIAL PROPERTY-COMMERCIAL PROPERTY MARKET | ||
| 942 | _n0 | ||
| 999 |
_c83226 _d83226 |
||